1934 1679 1399 1358 1724 1623 1558 1677 1405 1137 1026 1293 1938 1602 1685 1740 1412 1811 1063 1758 1645 1913 1417 1350 1467 1148 1301 1388 1463 1709 1383 1768 1868 1608 1748 1719 1747 1595 1221 1987 1432 1182 1577 1972 1560 1188 1129 1739 1535 1929 1712 1676 1278 1622 1215 1188 1743 1382 1941 1359 1034 1443 1504 1159 1528 1322 1736 1698 1268 1513 1929 1132 1072 1991 1868 1512 1898 1064 1136 1441 1312 1904 1762 1061 1922 1514 1276 1521 1160 1361 1861 1930 1829 1160 1218 1630 1365 1579 1135 BCNSPRNW ULIB Ver.6.0+V

เปลี่ยนเป็นภาษาไทย

Change to English
 แสดงรายละเอียดบรรณานุกรม
  กลับหน้าหลัก

Brief Record : Get Marc (ISO 2709) : E-mail record : QR code < ปิดหน้าต่าง
LEADER : 00000nam 2200000uu 4500
001    13399112317
003     ULIB
008    110627s2554||||th 000 0 tha d
020    9786160602858
090    นว.^bT111H 2554
100 0  Tiara
245 00 How to love...ผูกใจรัก/^cTiara
250    พิมพ์ครั้งที่ 2
260    กรุงเทพฯ :^bแจ่มใส,^c2554
300    251 หน้า
710 1  แจ่มใส
945    ^p169^l0^i030405
995    ทศพร
999 ^a ใช้งานได้ทุกระบบ
รายการนี้ยังไม่มีแท็ก
คุณยังไม่ได้ล็อกอิน คุณสามารถมีกิจกรรมร่วมกับเว็บไซต์ได้ แต่ต้องล็อกอินก่อน ::
  ล็อกอิน

รายการสื่อสารสนเทศ

ลำดับที่ ประเภท เลขเรียก/บาร์โค้ด สถานที่ สถานะ
- ไม่พบข้อมูล -

รายการใกล้เคียง
    ผู้แต่ง [Tiara]

BibComment


ยังไม่เคยถูกคอมเมนท์

คอมเมนท์ทรัพยากรรายการนี้
  คอมเมนท์: How to loveผูกใจร..


 Copyright 2026. Bcnsprnw @Library